Vista normal
Vista MARC
Entrada Personal Name
Número de registros utilizados en: 1
001 - CONTROL NUMBER
- control field: 17333
003 - CONTROL NUMBER IDENTIFIER
- control field: DLC
005 - DATE AND TIME OF LATEST TRANSACTION
- control field: 20250716121616.0
008 - FIXED-LENGTH DATA ELEMENTS
- fixed length control field: 910925n| acannaabn |a aaa
010 ## - LIBRARY OF CONGRESS CONTROL NUMBER
- LC control number: n 91097933
035 ## - SYSTEM CONTROL NUMBER
- System control number: (OCoLC)oca03028619
040 ## - CATALOGING SOURCE
- Original cataloging agency: DLC
- Language of cataloging: spa
- Transcribing agency: Mx-PuUPA
- Modifying agency: OCoLC
- Modifying agency: Mx-PuUPA
- Description conventions: rda
046 ## - SPECIAL CODED DATES
- Birth date: 1942
100 1# - HEADING--PERSONAL NAME
- Personal name: Cabrera Febrillet, Felipe Neris,
- Dates associated with a name: 1942-
370 ## - ASSOCIATED PLACE
- Place of birth: San Cristobal República Dominicana
373 ## - ASSOCIATED GROUP
- Associated group: Universidad Autónoma de Santo Domingo (UASD)
374 ## - OCCUPATION
- Occupation: Autor
- Occupation: Licenciado en Ciencias Comerciales
- Occupation: Profesor de Contabilidad
375 ## - GENDER
- Gender: hombre
377 ## - ASSOCIATED LANGUAGE
- Language code: spa
400 1# - SEE FROM TRACING--PERSONAL NAME
- Personal name: Febrillet, Felipe Neris Cabrera,
- Dates associated with a name: 1942-
670 ## - SOURCE DATA FOUND
- Source citation: His Elecciones y fraudes electorales dominicanos ... 1991:
- Information found: t.p. (Felipe Neris Cabrera Febrillet) t.p. verso (b. 7-28-1942, San Cristóbal, Dominican Republic)